|
|
|
|
| LEADER |
00938nam a2200229 a 4500 |
| 001 |
13592721 |
| 008 |
100525s2004 ii b 000 0 eng d |
| 010 |
|
|
|a 2004325863
|
| 020 |
|
|
|a 8178240564
|
| 040 |
|
|
|a DLC
|c DLC
|d BD-DhAAL
|
| 082 |
0 |
0 |
|a 891/.4
|2 22
|
| 245 |
0 |
0 |
|a India's literary history :
|b essays on the Nineteenth century /
|c edited by Stuart Blackburn & Vasudha Dalmia.
|
| 260 |
|
|
|a Delhi :
|b Permanent Black ;
|a Bangalore :
|b Distributed by Orient Longman,
|c 2004.
|
| 300 |
|
|
|a xi, 515 p. ;
|c 23 cm.
|
| 504 |
|
|
|a Includes bibliographical references.
|
| 541 |
1 |
|
|e 00020313
|
| 650 |
|
0 |
|a Indic literature
|y 19th century
|x History and criticism.
|
| 700 |
1 |
|
|a Blackburn, Stuart H.
|
| 700 |
1 |
|
|a Dalmia, Vasudha,
|d 1947-
|
| 852 |
4 |
|
|a Ayesha Abed Library
|j General shelf
|
| 999 |
|
|
|c 8717
|d 8717
|
| 952 |
|
|
|0 0
|1 0
|2 ddc
|4 0
|6 891_400000000000000_IND_2004
|7 0
|9 10502
|a BRACUL
|b BRACUL
|c GEN
|d 2010-05-25
|l 0
|o 891.4 IND
|p 3010020313
|r 2010-05-25
|t 1
|w 2010-05-25
|y BK
|